<?xml version="1.0" encoding="UTF-8"?>
<record
    xmlns:xsi="http://www.w3.org/2001/XMLSchema-instance"
    xsi:schemaLocation="http://www.loc.gov/MARC21/slim http://www.loc.gov/standards/marcxml/schema/MARC21slim.xsd"
    xmlns="http://www.loc.gov/MARC21/slim">

  <leader>01539nam a2200277Ia 4500</leader>
  <datafield tag="999" ind1=" " ind2=" ">
    <subfield code="c">51608</subfield>
    <subfield code="d">51608</subfield>
  </datafield>
  <controlfield tag="001">18599</controlfield>
  <controlfield tag="003">GE_BSU</controlfield>
  <controlfield tag="005">20190920102419.0</controlfield>
  <controlfield tag="008">181216s2015||||   |||||||||||||| ||geo||</controlfield>
  <datafield tag="020" ind1=" " ind2=" ">
    <subfield code="a">9789941460142</subfield>
  </datafield>
  <datafield tag="040" ind1=" " ind2=" ">
    <subfield code="c">GE_BSU</subfield>
  </datafield>
  <datafield tag="041" ind1=" " ind2=" ">
    <subfield code="a">geo</subfield>
  </datafield>
  <datafield tag="080" ind1=" " ind2=" ">
    <subfield code="a">629.113.01(038) &#x10D0;-14</subfield>
  </datafield>
  <datafield tag="100" ind1=" " ind2=" ">
    <subfield code="a">&#x10D0;&#x10D1;&#x10D0;&#x10E8;&#x10D8;&#x10EB;&#x10D4;,  &#x10D8;&#x10DC;&#x10D3;&#x10D8;&#x10D9;&#x10DD;.</subfield>
    <subfield code="9">4156</subfield>
  </datafield>
  <datafield tag="245" ind1=" " ind2=" ">
    <subfield code="a">&#x10D0;&#x10D5;&#x10E2;&#x10DD;&#x10DB;&#x10DD;&#x10D1;&#x10D8;&#x10DA;&#x10D8; &#x10D0;&#x10DC;-&#x10D3;&#x10D0;&#x10DC;-&#x10F0;&#x10D0;&#x10D4;-&#x10DB;&#x10D3;&#x10D4;   /</subfield>
    <subfield code="c">&#x10D8;&#x10DC;&#x10D3;&#x10D8;&#x10D9;&#x10DD; &#x10D0;&#x10D1;&#x10D0;&#x10E8;&#x10D8;&#x10EB;&#x10D4; ; &#x10D0;&#x10E0;&#x10E9;&#x10D8;&#x10DA; &#x10D0;&#x10D1;&#x10D0;&#x10E8;&#x10D8;&#x10EB;&#x10D4; ; &#x10E0;&#x10D4;&#x10D3; : &#x10E5;&#x10D4;&#x10D7;&#x10D4;&#x10D5;&#x10D0;&#x10DC; &#x10D2;&#x10DD;&#x10DA;&#x10D4;&#x10D7;&#x10D8;&#x10D0;&#x10DC;&#x10D8;.</subfield>
  </datafield>
  <datafield tag="264" ind1=" " ind2=" ">
    <subfield code="a">&#x10D1;&#x10D0;&#x10D7;&#x10E3;&#x10DB;&#x10D8; :</subfield>
    <subfield code="b">&#x10D0;&#x10ED;&#x10D0;&#x10E0;&#x10D0;,</subfield>
    <subfield code="c">2015.</subfield>
  </datafield>
  <datafield tag="300" ind1=" " ind2=" ">
    <subfield code="a">271 &#x10D2;&#x10D5; .:</subfield>
    <subfield code="c">20 &#x10E1;&#x10DB;.</subfield>
  </datafield>
  <datafield tag="501" ind1=" " ind2=" ">
    <subfield code="a">&#x10EC;&#x10D8;&#x10D2;&#x10DC;&#x10D8; &#x10D0;&#x10E0;&#x10D8;&#x10E1; &#x10D0;&#x10D5;&#x10E2;&#x10DD;&#x10DB;&#x10DD;&#x10D1;&#x10D8;&#x10DA;&#x10D4;&#x10D1;&#x10D8;&#x10E1; &#x10D9;&#x10DD;&#x10DC;&#x10E1;&#x10E2;&#x10E0;&#x10E3;&#x10E5;&#x10EA;&#x10D8;&#x10D4;&#x10D1;&#x10D7;&#x10D0;&#x10DC; &#x10D3;&#x10D0;&#x10D9;&#x10D0;&#x10D5;&#x10E8;&#x10D8;&#x10E0;&#x10D4;&#x10D1;&#x10E3;&#x10DA;&#x10D8; &#x10E2;&#x10D4;&#x10E0;&#x10DB;&#x10D8;&#x10DC;&#x10DD;&#x10DA;&#x10DD;&#x10D2;&#x10D8;&#x10D8;&#x10E1;,&#x10E2;&#x10D4;&#x10E5;&#x10DC;&#x10D8;&#x10D9;&#x10E3;&#x10E0;&#x10D8; &#x10DB;&#x10DD;&#x10DB;&#x10E1;&#x10D0;&#x10EE;&#x10E3;&#x10E0;&#x10D4;&#x10DD;&#x10D1;&#x10D8;&#x10E1; &#x10E1;&#x10D0;&#x10E7;&#x10DD;&#x10D5;&#x10D4;&#x10DA;&#x10D7;&#x10D0;&#x10DD; &#x10E8;&#x10D4;&#x10E2;&#x10E7;&#x10DD;&#x10D1;&#x10D8;&#x10DC;&#x10D4;&#x10D1;&#x10D4;&#x10D1;&#x10D8;&#x10E1; &#x10E1;&#x10D0;&#x10EA;&#x10DC;&#x10DD;&#x10D1;&#x10D0;&#x10E0;&#x10DD; &#x10DA;&#x10D4;&#x10E5;&#x10E1;&#x10D8;&#x10D9;&#x10DD;&#x10DC;&#x10D8;.</subfield>
  </datafield>
  <datafield tag="504" ind1=" " ind2=" ">
    <subfield code="a">&#x10D1;&#x10D8;&#x10D1;&#x10DA;&#x10D8;&#x10DD;&#x10D2;&#x10E0;.: &#x10D2;&#x10D5;. 271-282</subfield>
  </datafield>
  <datafield tag="541" ind1=" " ind2=" ">
    <subfield code="h">20&#x10DA;.</subfield>
  </datafield>
  <datafield tag="653" ind1=" " ind2=" ">
    <subfield code="a">&#x10D0;&#x10D5;&#x10E2;&#x10DD;&#x10DB;&#x10DD;&#x10D1;&#x10D8;&#x10DA;&#x10D8; &#x10D0;&#x10DC;-&#x10D3;&#x10D0;&#x10DC;-&#x10F0;&#x10D0;&#x10D4;-&#x10DB;&#x10D3;&#x10D4;</subfield>
  </datafield>
  <datafield tag="653" ind1=" " ind2=" ">
    <subfield code="a">&#x10E2;&#x10D4;&#x10E5;&#x10DC;&#x10D8;&#x10D9;&#x10D0;,&#x10E1;&#x10D0;&#x10D8;&#x10DC;&#x10DF;&#x10D8;&#x10DC;&#x10E0;&#x10DD; &#x10E1;&#x10D0;&#x10E5;&#x10DB;&#x10D4;.</subfield>
  </datafield>
  <datafield tag="700" ind1=" " ind2=" ">
    <subfield code="a">&#x10D0;&#x10D1;&#x10D0;&#x10E8;&#x10D8;&#x10EB;&#x10D4; , &#x10D0;&#x10E0;&#x10E9;&#x10D8;&#x10DA;</subfield>
    <subfield code="9">4157</subfield>
  </datafield>
  <datafield tag="700" ind1=" " ind2=" ">
    <subfield code="a">&#x10D2;&#x10DD;&#x10DA;&#x10D4;&#x10D7;&#x10D8;&#x10D0;&#x10DC;&#x10D8; , &#x10E5;&#x10D4;&#x10D7;&#x10D4;&#x10D5;&#x10D0;&#x10DC;</subfield>
    <subfield code="e">&#x10E0;&#x10D4;&#x10D3;&#x10D0;&#x10E5;&#x10E2;&#x10DD;&#x10E0;&#x10D8;</subfield>
    <subfield code="9">4158</subfield>
  </datafield>
  <datafield tag="942" ind1=" " ind2=" ">
    <subfield code="c">BK</subfield>
    <subfield code="2">udc</subfield>
  </datafield>
  <datafield tag="952" ind1=" " ind2=" ">
    <subfield code="0">0</subfield>
    <subfield code="1">0</subfield>
    <subfield code="2">udc</subfield>
    <subfield code="4">0</subfield>
    <subfield code="6">62911301038_&#x10D0;14</subfield>
    <subfield code="7">0</subfield>
    <subfield code="9">71717</subfield>
    <subfield code="a">CPL</subfield>
    <subfield code="b">SPL</subfield>
    <subfield code="c">GEN</subfield>
    <subfield code="d">2018-12-17</subfield>
    <subfield code="o">629.113.01(038) &#x10D0;-14</subfield>
    <subfield code="p">47248</subfield>
    <subfield code="r">2018-12-17</subfield>
    <subfield code="t">47248</subfield>
    <subfield code="w">2018-12-17</subfield>
    <subfield code="y">BK</subfield>
  </datafield>
  <datafield tag="952" ind1=" " ind2=" ">
    <subfield code="0">0</subfield>
    <subfield code="1">0</subfield>
    <subfield code="2">udc</subfield>
    <subfield code="4">0</subfield>
    <subfield code="6">62911301038_&#x10D0;14</subfield>
    <subfield code="7">0</subfield>
    <subfield code="9">71718</subfield>
    <subfield code="a">CPL</subfield>
    <subfield code="b">SPL</subfield>
    <subfield code="c">GEN</subfield>
    <subfield code="d">2018-12-17</subfield>
    <subfield code="o">629.113.01(038) &#x10D0;-14</subfield>
    <subfield code="p">47247</subfield>
    <subfield code="r">2018-12-17</subfield>
    <subfield code="t">47247</subfield>
    <subfield code="w">2018-12-17</subfield>
    <subfield code="y">BK</subfield>
  </datafield>
  <datafield tag="952" ind1=" " ind2=" ">
    <subfield code="0">0</subfield>
    <subfield code="1">0</subfield>
    <subfield code="2">udc</subfield>
    <subfield code="4">0</subfield>
    <subfield code="6">62911301038_&#x10D0;14</subfield>
    <subfield code="7">0</subfield>
    <subfield code="9">71719</subfield>
    <subfield code="a">CPL</subfield>
    <subfield code="b">SPL</subfield>
    <subfield code="c">GEN</subfield>
    <subfield code="d">2018-12-17</subfield>
    <subfield code="o">629.113.01(038) &#x10D0;-14</subfield>
    <subfield code="p">47249</subfield>
    <subfield code="r">2018-12-17</subfield>
    <subfield code="t">47249</subfield>
    <subfield code="w">2018-12-17</subfield>
    <subfield code="y">BK</subfield>
  </datafield>
  <datafield tag="952" ind1=" " ind2=" ">
    <subfield code="0">0</subfield>
    <subfield code="1">0</subfield>
    <subfield code="2">udc</subfield>
    <subfield code="4">0</subfield>
    <subfield code="6">62911301038_&#x10D0;14</subfield>
    <subfield code="7">0</subfield>
    <subfield code="9">71720</subfield>
    <subfield code="a">CPL</subfield>
    <subfield code="b">SPL</subfield>
    <subfield code="c">GEN</subfield>
    <subfield code="d">2018-12-17</subfield>
    <subfield code="o">629.113.01(038) &#x10D0;-14</subfield>
    <subfield code="p">47246</subfield>
    <subfield code="r">2018-12-17</subfield>
    <subfield code="t">47246</subfield>
    <subfield code="w">2018-12-17</subfield>
    <subfield code="y">BK</subfield>
  </datafield>
  <datafield tag="952" ind1=" " ind2=" ">
    <subfield code="0">0</subfield>
    <subfield code="1">0</subfield>
    <subfield code="2">udc</subfield>
    <subfield code="4">0</subfield>
    <subfield code="6">62911301038_&#x10D0;14</subfield>
    <subfield code="7">0</subfield>
    <subfield code="9">71721</subfield>
    <subfield code="a">CPL</subfield>
    <subfield code="b">SPL</subfield>
    <subfield code="c">GEN</subfield>
    <subfield code="d">2018-12-17</subfield>
    <subfield code="o">629.113.01(038) &#x10D0;-14</subfield>
    <subfield code="p">27877</subfield>
    <subfield code="r">2018-12-17</subfield>
    <subfield code="t">27877</subfield>
    <subfield code="w">2018-12-17</subfield>
    <subfield code="y">BK</subfield>
  </datafield>
  <datafield tag="952" ind1=" " ind2=" ">
    <subfield code="0">0</subfield>
    <subfield code="1">0</subfield>
    <subfield code="2">udc</subfield>
    <subfield code="4">0</subfield>
    <subfield code="6">62911301038_&#x10D0;14</subfield>
    <subfield code="7">0</subfield>
    <subfield code="9">71722</subfield>
    <subfield code="a">CPL</subfield>
    <subfield code="b">SPL</subfield>
    <subfield code="c">GEN</subfield>
    <subfield code="d">2018-12-17</subfield>
    <subfield code="o">629.113.01(038) &#x10D0;-14</subfield>
    <subfield code="p">27876</subfield>
    <subfield code="r">2018-12-17</subfield>
    <subfield code="t">27876</subfield>
    <subfield code="w">2018-12-17</subfield>
    <subfield code="y">BK</subfield>
  </datafield>
  <datafield tag="952" ind1=" " ind2=" ">
    <subfield code="0">0</subfield>
    <subfield code="1">0</subfield>
    <subfield code="2">udc</subfield>
    <subfield code="4">0</subfield>
    <subfield code="6">62911301038_&#x10D0;14</subfield>
    <subfield code="7">0</subfield>
    <subfield code="9">86962</subfield>
    <subfield code="a">CPL</subfield>
    <subfield code="b">CPL</subfield>
    <subfield code="c">GEN</subfield>
    <subfield code="d">2019-09-20</subfield>
    <subfield code="g">10.00</subfield>
    <subfield code="o">629.113.01(038) &#x10D0;-14</subfield>
    <subfield code="p">60024</subfield>
    <subfield code="r">2019-09-20</subfield>
    <subfield code="t">60024</subfield>
    <subfield code="w">2019-09-20</subfield>
    <subfield code="y">BK</subfield>
    <subfield code="z">10 .00</subfield>
  </datafield>
</record>
